| 000 | 00361nam a2200145Ia 4500 | ||
|---|---|---|---|
| 008 | 230917s9999||||xx |||||||||||||| ||und|| | ||
| 040 |
_e81290 _aMAIN |
||
| 041 | _aEnglish | ||
| 082 | _a342.56 D459J | ||
| 100 | _aDeshpande, V S | ||
| 245 | 0 | _aJudicial review of legislation | |
| 260 |
_aLucknow _bEastern Book _c1977 |
||
| 300 | _axxvi, 311 p. | ||
| 942 | _cBK | ||
| 999 |
_c204235 _d204235 |
||